000 00530nam a2200181Ia 4500
999 _c6495
_d6495
003 OSt
005 20200103141224.0
008 190216s9999||||xx |||||||||||||| ||und||
020 _a8127207845
040 _coclc
082 _a332.10954
_bMAH/B
100 _aMaheshwari, S N
_91048
245 0 _aBanking Theory And Practice /
_cS N Maheshwari ; R R Paul
260 _bKalyani Publishers,
_c2003.
_aNew Delhi:
300 _a465p
650 _aBanking
942 _cBK
_2ddc
_h332.10954
_iMAH/B
_k332.10954
_mMAH/B